LEADER 03288nam 2200613Ia 450 001 9910454370603321 005 20200520144314.0 010 $a1-280-74214-3 010 $a9786610742141 010 $a0-309-54931-0 035 $a(CKB)1000000000521982 035 $a(EBL)3564107 035 $a(SSID)ssj0000277065 035 $a(PQKBManifestationID)11231511 035 $a(PQKBTitleCode)TC0000277065 035 $a(PQKBWorkID)10233678 035 $a(PQKB)11515265 035 $a(MiAaPQ)EBC3564107 035 $a(Au-PeEL)EBL3564107 035 $a(CaPaEBR)ebr10160727 035 $a(CaONFJC)MIL74214 035 $a(OCoLC)61505165 035 $a(EXLCZ)991000000000521982 100 $a20050620d2005 uy 0 101 0 $aeng 135 $aurcn||||||||| 181 $ctxt 182 $cc 183 $acr 200 10$aAssessment of the scientific information for the Radiation Exposure Screening and Education Program$b[electronic resource] /$fCommittee to Assess the Scientific Information for the Radiation Exposure Screening and Education Program, Board on Radiation Effects Research, Division on Earth and Life Studies 210 $aWashington, D.C. $cNational Academies Press$d2005 215 $a1 online resource (429 p.) 300 $aDescription based upon print version of record. 311 $a0-309-09610-3 320 $aIncludes bibliographical references. 327 $a""Front Matter""; ""Acknowledgments""; ""Reviewers""; ""A Note on the Units of Measurement Used in this Report""; ""Contents""; ""Executive Summary""; ""1 Introduction""; ""2 Legislation and Compensation""; ""3 Basic Concepts in Radiation Physics, Biology, and Epidemiology""; ""4 Review of Recent Data on Radiation Epidemiology, Biology, and Dosimetry""; ""5 Expanding RECA Eligibility: Scientific Issues""; ""6 Expanding RECA Eligibility: Implementation""; ""7 Diseases, Populations, and Other Issues of Public Concern""; ""8 Ethical Framework""; ""9 Medical Screening"" 327 $a""10 Screening for Compensation""""11 Education and Outreach""; ""References""; ""Appendixes""; ""Appendix A Invited Speakers and Public Comment""; ""Appendix B A Comparison of the Risk of Skin Cancer with the Risk of Lung Cancer from Exposure to Radon Decay Products in Underground Mines""; ""Appendix C Radioactivity in Guam After Nuclear- Weapons Testing in the Pacific""; ""Appendix D The Optimal Criterion for Positivity in Screening""; ""Appendix E Selected Cancer-Screening Recommendations""; ""Glossary""; ""List of Abbreviations""; ""Committee and Staff Biographies"" 606 $aNuclear weapons$zUnited States$xTesting 606 $aRadiation dosimetry 606 $aRadiation$xPhysiological effect$xResearch$zUnited States 606 $aRadiation$xSafety measures 608 $aElectronic books. 615 0$aNuclear weapons$xTesting. 615 0$aRadiation dosimetry. 615 0$aRadiation$xPhysiological effect$xResearch 615 0$aRadiation$xSafety measures. 676 $a363.1799 801 0$bMiAaPQ 801 1$bMiAaPQ 801 2$bMiAaPQ 906 $aBOOK 912 $a9910454370603321 996 $aAssessment of the scientific information for the Radiation Exposure Screening and Education Program$92060839 997 $aUNINA LEADER 01833nam 2200481Ia 450 001 9910700854803321 005 20110809103502.0 035 $a(CKB)5470000002412469 035 $a(OCoLC)746011014 035 $a(EXLCZ)995470000002412469 100 $a20110809d1986 ua 0 101 0 $aeng 135 $aurbn||||||||| 181 $ctxt$2rdacontent 182 $cc$2rdamedia 183 $acr$2rdacarrier 200 13$aAn experimental investigation on location of boundary layer transition on the NACA 0012 using surface hot film gages$b[electronic resource] /$fWang Tie-cheng 210 1$aWashington DC :$cNational Aeronautics and Space Administration,$d[1986] 215 $a1 online resource (8 pages) 225 1 $aNASA technical memorandum ;$vNASA TM-88385 300 $aTitle from title screen (viewed Aug. 5, 2011). 300 $a"Translation of Acta Aeronautica et. Astronautica Sinica, vol. 5, no. 4, Dec. 1984, pages 401-405." 300 $a"March 1986." 320 $aIncludes bibliographical references (page 8). 606 $aAirfoils$2nasat 606 $aBoundary layer transition$2nasat 606 $aHot-film anemometers$2nasat 606 $aTurbulent boundary layer$2nasat 606 $aWind tunnel tests$2nasat 615 7$aAirfoils. 615 7$aBoundary layer transition. 615 7$aHot-film anemometers. 615 7$aTurbulent boundary layer. 615 7$aWind tunnel tests. 700 $aWang$b Tiecheng$01405333 712 02$aSCITRAN (Firm) 712 02$aUnited States.$bNational Aeronautics and Space Administration. 801 0$bGPO 801 1$bGPO 906 $aBOOK 912 $a9910700854803321 996 $aAn experimental investigation on location of boundary layer transition on the NACA 0012 using surface hot film gages$93481558 997 $aUNINA